000 00690nam a2200289Ia 4500
005 20260324141119.0
008 008 260324s9999 xx 000 0 eng d
020 _a9780203771556
037 _aEBOOK
040 _aCRL
040 _beng
040 _cCRL
041 _2eng
041 _aeng
084 _qCRL
100 _aRichard P. Honeck
_91206971
245 2 _aA Proverb in Mind
245 4 _bThe Cognitive Science of Proverbial Wit and Wisdom
260 _bTaylor and Francis
260 _c1997
365 _a
365 _b145
856 _uhttp://www.taylorfrancis.com/books/9780203771556
942 _cEBOOK
999 _c1809725
_d1809725